| 000 | 01073cam a2200253 i 4500 | ||
|---|---|---|---|
| 003 | SA-RiAUC | ||
| 005 | 20260317123215.0 | ||
| 008 | 260212s1889 ua g 00000 ara c | ||
| 040 |
_aSA-JeALM _bara _cSA-RiAUC _erda |
||
| 082 | 0 | 4 | _a254.1 |
| 090 |
_aم ن 254.1 _bج ر ج |
||
| 100 | 1 |
_aالجرجاوي، محمود بن محمد بن إبراهيم، _dتوفي بعد 1306 هجري _eمؤلف. |
|
| 245 | 1 | 2 |
_aالكواكب المشرقة في أحكام النكاح والطلاق والنفقة / _cمحمود بن محمد بن إبراهيم الجرجاوي. |
| 264 | 1 |
_aالقاهرة : _bالمطبعة الميمنية، _c[1903] |
|
| 300 |
_a95،15 صفحة ؛ _c29 سم. |
||
| 336 |
_aنص _btxt _2rdacontent _3كتاب |
||
| 337 |
_aبدون وسيط _bn _2rdamedia |
||
| 338 |
_aمجلد _bnc _2rdacarrier |
||
| 650 | 7 |
_aالأحوال الشخصية _2aucsh |
|
| 650 | 7 |
_aالزواج (فقه إسلامي) _2aucsh |
|
| 650 | 7 |
_aالطلاق (فقه إسلامي) _2aucsh |
|
| 942 |
_2ddc _cRBOOK COPY _n0 |
||
| 949 |
_aSA-JeALM _d260212 _umohamedma123 _n1 |
||
| 999 |
_c14662 _d14662 |
||